Vida en el amor /

Vida en el amor (1970), serie de meditaciones del religioso Enresto Cardenal, quien reflexiona y defiende el carácter consubstancial del amor respecto a los seres y la vida humana, con prólogo de su mentor, Thomas Merton.

Salvato in:
Dettagli Bibliografici
Autore principale: Cardenal, Ernesto (autor)
Altri autori: Merton, Thomas (prólogo) (prólogo)
Natura: Libro
Lingua:spagnolo
Pubblicazione: Salamanca, España : Sígueme, 1984, c1979
Edizione:3a edición
Serie:(Pedal ; 97)
Soggetti:
Tags: Aggiungi Tag
Nessun Tag, puoi essere il primo ad aggiungerne!!

MARC

LEADER 00000nam^a2200000^a^4500
001 000274858
005 20250521000000.0
009 20260310111214.889
020 |a 84-301-0769-X 
025 |a Donación Jesús Vergara Aceves, 1 ejemplar 
037 |a Acervo Xavier Clavigero 
041 |a ESP 
082 |a 242.  |b CAR 
100 |a Cardenal, Ernesto  |e (autor) 
245 1 0 |a Vida en el amor /  |c E. Cardenal ; pról. de T. Merton. 
250 |a 3a edición 
264 4 |a Salamanca, España :  |b Sígueme,  |c 1984, c1979 
300 |a 169 p. 
336 |a texto  |b txt  |2 rdacontenido 
337 |a sin mediación  |b n  |2 rdamedio 
338 |a volumen  |b nc  |2 rdasoporte 
440 1 |a (Pedal ;  |v 97) 
520 |a Vida en el amor (1970), serie de meditaciones del religioso Enresto Cardenal, quien reflexiona y defiende el carácter consubstancial del amor respecto a los seres y la vida humana, con prólogo de su mentor, Thomas Merton. 
545 0 |a Ernesto Cardenal (Granada, 1925 – Managua, 2020), poeta nicaragüense. Estudió Filosofía y Literatura en la UNAM y en la Universidad de Columbia, en Nueva York. Permaneció de 1957 a 1959 en un monasterio trapense de Kentucky, Estados Unidos, donde fue discípulo del escritor y religioso francoamericano Thomas Merton (1915-1968). Tras estudiar como seminarista en Antioquia, Colombia, se ordenó sacerdote en 1965. Autor de Hora 0 (1960), Epigramas (1961), Salmos (1964), El estrecho dudoso (1965), Oración por Marilyn Monroe y otros poemas (1965), Homenaje a los indios americanos (1969) y Canto cósmico (1989), entre otros títulos. Fundó en 1966 una comunidad en una isla del archipiélago de Solentiname, en el lago de Nicaragua, que durante once años fue refugio de creadores, místicos y opositores a la dictadura de Anastasio Somoza. Fungió como ministro de Cultura (1979-1987) durante el régimen surgido de la Revolución Sandinista que presidió Daniel Ortega, pero mantuvo una postura consistentemente crítica hacia dicho dirigente y fue uno de los creadores que denunció con firmeza, desde el interior del país, el carácter tiránico de la perpetuación de Ortega en el poder a partir de 2007. Recapituló sus memorias en la trilogía formada por Vida perdida (2003), Las ínsulas extrañas (2003) y La Revolución perdida (2005), en la que transcurre de la infancia a su participación política en el sandinismo, pasando por el amor, la formación religiosa y Solentiname, entre muchas otras vivencias. 
586 |a Premio Reina Sofía de Poesía Iberoamericana 2012 
649 |a XX 
650 |a Ministros Religiosos Nicaragüenses -  |x Meditaciones 
650 |a Religiosos Nicaragüenses -  |x Meditaciones 
650 |a Amor -  |x Tema Principal 
650 |a Meditación 
650 |a Contemplación 
650 |a Espiritualidad 
650 |a Vida Humana 
650 |a Ontología 
650 |a Literatura Cristiana -  |z Nicaragua 
650 |a Literatura Religiosa -  |z Nicaragua 
650 |a Religión y Literatura -  |z Nicaragua 
650 |a Filosofía y Literatura -  |z Nicaragua 
650 |a Filosofía y Religión -  |z Nicaragua 
650 |a Literatura Nicaragüense -  |y Siglo XX 
650 |a Catolicismo 
650 |a Cristianismo 
650 |a Religión 
700 |a Merton, Thomas  |e (prólogo) 
910 |a Fondo Jesús Vergara Aceves S.J. 
920 |a Impresos - Libros 
930 |a Fondos Especiales 
905 |a 119 
901 |a 0500160485  |b IT2  |c ESP  |i D  |u 20250521 
902 |a https://opac.biblio.iteso.mx/vufind/Record/000274858